Questions pour un footeux #1 - Statistiques

Statistiques générales
  • Ce quiz a été pris 336 fois
  • Le résultat moyen est 4 sur 9
Statistiques - réponses
Question Réponse % Correct
Quel pays n'a jamais gagné la coupe du monde ? Pays Bas
91%
Quel pays n'a jamais gagné l'EURO ? Suisse
76%
Quel club n'a jamais gagné la Champions League ? Anderlecht
74%
Quel club n'a jamais gagné l'Europa League ? Young Boys
41%
Quel pays n'a jamais gagné la CAN ? Zimbabwe
34%
Quel pays n'a jamais gagné la Copa America ? Vénézuela
29%
Quel pays a gagné la Gold Cup ? Canada
25%
Quel pays n'a jamais gagné la coupe d'Asie ? Thailande
24%
Quel pays a gagné la coupe d'Océanie ? Tahiti
20%
Aucun quiz correspondant
Distribution des résultats
% des personnes avec chaque résultat
Percentile par nombre de réponses
Votre historique - résultats
Vous n’avez pas pris ce quiz